[Event "OLOA 1920 SG AE Magdeburg II - SG Leipz"]
[Site "?"]
[Date "2020.01.18"]
[Round "6.7"]
[White "Liedtke, Matthias"]
[Black "Heyne, Jan-Hendrik"]
[Result "1-0"]
[WhiteElo "2226"]
[BlackElo "1839"]
[PlyCount "111"]
[EventDate "2020.??.??"]
[EventType "team-tourn"]

{[%evp 0,111,17,17,39,39,40,43,43,-3,-9,15,21,-3,16,-35,7,-68,-33,-98,-41,-56,
-15,-13,9,33,33,-15,17,-15,-14,-33,-20,-8,2,-25,15,5,16,1,1,48,63,63,63,6,-7,
26,43,30,30,-26,120,108,108,110,124,72,76,108,136,145,162,97,137,114,142,120,
222,194,264,200,200,160,239,224,221,224,221,188,214,215,202,187,208,184,181,
145,185,152,220,223,233,242,244,227,227,239,239,244,275,247,258,252,283,283,
285,268,297,329,344,277,342,327]} 1. e4 e5 2. Nf3 Nc6 3. Bc4 Bc5 4. c3 Nf6 5.
d3 a6 6. O-O d6 7. Bb3 h6 8. Re1 O-O 9. h3 Re8 10. Nbd2 Ba7 11. Nf1 d5 12. exd5
Nxd5 13. Ng3 Nf6 14. Bc2 Qd6 15. Nd2 Bd7 16. Nc4 Qf8 17. Qf3 b5 18. Ne3 Ne7 19.
Nef5 Nxf5 20. Nxf5 Bxf5 21. Qxf5 Qd6 22. Bd2 Rad8 23. Re2 Qe6 24. Qf3 Bb6 25.
Rae1 Qd6 26. Qg3 e4 27. Qxd6 Rxd6 28. Bf4 Rde6 29. dxe4 Nh5 30. Bh2 g5 31. Kf1
Kg7 32. Rd2 R8e7 33. Red1 Nf6 34. e5 Nh7 35. Bf5 Rc6 36. Be4 Rce6 37. Bd5 Rg6
38. c4 Nf8 39. b4 bxc4 40. Bxc4 a5 41. b5 h5 42. Bd3 Rh6 43. h4 g4 44. Bf4 Rhe6
45. Bf5 Ng6 46. Bxe6 Nxf4 47. Bc4 Rxe5 48. g3 Ng6 49. Rd5 Kf8 50. Re1 Rxd5 51.
Bxd5 f6 52. Re6 Kg7 53. Re8 Ne5 54. Re7+ Kh8 55. Be4 Nc4 56. Bg6 1-0

[Event "OLOA 1920 SG AE Magdeburg II - SG Leipz"]
[Site "?"]
[Date "2020.01.18"]
[Round "6.8"]
[White "Willberg, Frank"]
[Black "Hentze, Markus"]
[Result "1/2-1/2"]
[WhiteElo "1858"]
[BlackElo "2136"]
[PlyCount "73"]
[EventDate "2020.??.??"]
[EventType "team-tourn"]

{[%evp 0,73,17,13,19,-5,-5,-49,-36,-62,-3,-30,-10,-14,7,9,19,15,18,16,33,10,23,
52,52,45,64,38,59,10,24,-7,38,45,45,36,48,28,49,33,44,29,32,37,31,31,17,17,34,
18,30,24,39,12,30,28,23,9,47,50,32,35,26,33,54,13,18,18,22,15,21,-11,3,15,0,0]
} 1. Nf3 d5 2. g3 Nf6 3. c4 e6 4. Bg2 c6 5. b3 Be7 6. Bb2 O-O 7. O-O Nbd7 8. d4
b6 9. Nc3 Ba6 10. Nd2 Rc8 11. e4 dxe4 12. Ncxe4 Qc7 13. Qc2 Rfd8 14. Rfd1 Bb7
15. Rac1 Qb8 16. Nxf6+ Nxf6 17. Ne4 h6 18. Qe2 Qa8 19. Rc2 Rd7 20. Rcd2 Nxe4
21. Bxe4 Bf6 22. f4 Rcd8 23. Qf3 a5 24. a4 Qc8 25. Bc3 Qa8 26. Bb2 Qc8 27. Bc3
c5 28. Bxb7 Rxb7 29. d5 Bxc3 30. Qxc3 exd5 31. Rxd5 Re8 32. Re5 Rbe7 33. Rde1
Rxe5 34. Rxe5 f6 35. Re3 Rd8 36. Rd3 Re8 37. Re3 1/2-1/2

[Event "OLOA 1920 SG G-W Dresden - SK König Pl"]
[Site "?"]
[Date "2020.01.19"]
[Round "7.1"]
[White "Burian, Simon"]
[Black "Zwahr, Paul"]
[Result "1/2-1/2"]
[WhiteElo "2124"]
[BlackElo "2284"]
[PlyCount "47"]
[EventDate "2020.??.??"]
[EventType "team-tourn"]

{[%evp 0,47,25,25,59,56,56,50,50,40,40,26,98,37,119,65,62,57,46,46,46,44,55,44,
73,64,151,165,172,172,166,166,164,104,102,91,95,95,127,134,135,122,139,137,169,
143,143,154,147,103]} 1. e4 c5 2. Nf3 e6 3. d4 cxd4 4. Nxd4 Nc6 5. Nc3 Qc7 6.
g3 a6 7. Bg2 Nf6 8. O-O Nxd4 9. Qxd4 Bc5 10. Bf4 d6 11. Qd3 Ng4 12. Na4 Ne5 13.
Qc3 f6 14. Be3 Bd7 15. Nxc5 dxc5 16. Bxc5 Rc8 17. Bd4 Qd6 18. Bxe5 fxe5 19. Qb3
O-O 20. Rad1 Qc7 21. Bh3 Rf6 22. Rd2 Rcf8 23. Rfd1 Bc8 24. Kg2 1/2-1/2

[Event "OLOA 1920 SG G-W Dresden - SK König Pl"]
[Site "?"]
[Date "2020.01.19"]
[Round "7.2"]
[White "Siedentopf, Daniel"]
[Black "Paul, Mathias"]
[Result "1-0"]
[WhiteElo "2272"]
[BlackElo "2164"]
[PlyCount "75"]
[EventDate "2020.??.??"]
[EventType "team-tourn"]

{[%evp 0,75,25,22,32,-14,47,46,73,58,52,52,52,50,50,50,73,57,63,63,71,51,51,24,
64,40,103,69,90,96,96,82,100,61,35,42,66,36,73,76,76,76,74,77,77,77,107,104,
126,123,125,104,129,-8,14,0,70,0,37,22,24,-40,-48,-48,-82,-82,-82,-82,-82,-40,
16,-7,52,122,122,122,122,132]} 1. d4 Nf6 2. c4 g6 3. Nc3 d5 4. Nf3 Bg7 5. cxd5
Nxd5 6. e4 Nxc3 7. bxc3 c5 8. Be3 Qa5 9. Qd2 O-O 10. Rb1 a6 11. Rc1 Nd7 12. Bd3
e5 13. d5 Nf6 14. c4 Qc7 15. h3 Ne8 16. Bh6 f6 17. Bxg7 Kxg7 18. a4 Bd7 19. a5
Nd6 20. O-O Rae8 21. Qc3 g5 22. Rb1 Kh8 23. Qb2 g4 24. hxg4 Bxg4 25. Nh2 Bc8
26. Kh1 Qxa5 27. f4 Nf7 28. Be2 Qc7 29. Bh5 Re7 30. Rf3 Nd6 31. fxe5 Nxc4 32.
d6 Nxb2 33. dxc7 Rxe5 34. Bg4 Nc4 35. Rd3 Rxe4 36. Rd8 Ree8 37. Rbd1 Nb6 38.
Bh5 1-0

[Event "OLOA 1920 SG G-W Dresden - SK König Pl"]
[Site "?"]
[Date "2020.01.19"]
[Round "7.4"]
[White "Genkin, Michael"]
[Black "Pfeufer, Lion"]
[Result "1/2-1/2"]
[WhiteElo "2291"]
[BlackElo "2030"]
[PlyCount "87"]
[EventDate "2020.??.??"]
[EventType "team-tourn"]

{[%evp 0,81,25,32,22,-9,46,38,47,13,14,12,14,6,6,2,41,12,42,42,42,46,39,39,44,
35,89,60,60,29,93,64,72,44,45,16,16,13,10,8,8,52,87,84,106,87,138,129,130,108,
139,100,122,81,106,102,129,102,112,91,91,91,91,81,81,72,98,32,64,33,64,64,47,
33,101,101,98,46,98,17,42,34,78,92]} 1. d4 Nf6 2. c4 g6 3. Nc3 Bg7 4. g3 O-O 5.
Bg2 d6 6. e4 Nc6 7. Nge2 a6 8. O-O Rb8 9. Rb1 Bd7 10. b4 b5 11. c5 e6 12. h3
Be8 13. cxd6 cxd6 14. Be3 d5 15. exd5 exd5 16. Nf4 Ne7 17. Qb3 Bc6 18. g4 h6
19. Rbd1 Qd7 20. Nd3 Rfd8 21. Bf4 Ra8 22. Rfe1 Nc8 23. Rc1 Qa7 24. Ne2 Qb7 25.
Qc2 Ne7 26. Be5 Rac8 27. Nc5 Qa7 28. Nf4 a5 29. Nfd3 Ne4 30. Bxg7 Kxg7 31. bxa5
Qxa5 32. f3 Nxc5 33. Nxc5 Ng8 34. Qf2 Re8 35. f4 Nf6 36. Re5 Nd7 37. Nxd7 Bxd7
38. Rce1 Qc3 39. Qe3 Qb2 40. Re2 Qa1+ 41. Kh2 Rc3 42. Qf2 Rxe5 43. Rxe5 Qd1 44.
f5 1/2-1/2

[Event "OLOA 1920 SG G-W Dresden - SK König Pl"]
[Site "?"]
[Date "2020.01.19"]
[Round "7.5"]
[White "Hoerr, Christian"]
[Black "Zimmermann, Rene"]
[Result "1/2-1/2"]
[WhiteElo "1907"]
[BlackElo "2195"]
[PlyCount "41"]
[EventDate "2020.??.??"]
[EventType "team-tourn"]

{[%evp 0,41,25,25,31,31,38,7,7,7,9,-21,-45,-61,-28,-18,-18,-31,-9,-31,4,5,10,
-3,18,24,30,36,75,75,75,75,158,156,161,138,159,109,109,117,101,117,143,91]} 1.
e4 e6 2. d4 d5 3. Nd2 Nf6 4. e5 Nfd7 5. f4 c5 6. c3 Nc6 7. Ndf3 cxd4 8. cxd4
Be7 9. g3 Qb6 10. Ne2 O-O 11. Bh3 Kh8 12. O-O a5 13. Kh1 a4 14. f5 exf5 15.
Bxf5 a3 16. bxa3 Bxa3 17. Rb1 Qc7 18. Qc2 Bxc1 19. Rfxc1 g6 20. Bd3 Qa5 21. Nc3
1/2-1/2

[Event "OLOA 1920 SG G-W Dresden - SK König Pl"]
[Site "?"]
[Date "2020.01.19"]
[Round "7.6"]
[White "Gehmlich, Marcel"]
[Black "Merkel, Toni"]
[Result "1/2-1/2"]
[WhiteElo "2203"]
[BlackElo "1901"]
[PlyCount "48"]
[EventDate "2020.??.??"]
[EventType "team-tourn"]

{[%evp 0,48,25,-14,-9,-51,27,-1,-1,8,5,25,27,-19,0,2,32,-8,65,-8,44,42,42,30,
62,10,27,11,11,-2,9,-69,-26,-11,-52,-78,-78,-65,-65,-65,-86,-83,-83,-83,-49,
-83,-77,-63,-35,-63,-63]} 1. c4 Nf6 2. g3 g6 3. Bg2 Bg7 4. Nc3 O-O 5. d4 d6 6.
e3 c6 7. Nge2 Bg4 8. O-O Qc8 9. Re1 a5 10. b3 Na6 11. Bb2 Re8 12. d5 Nc5 13.
dxc6 bxc6 14. Qd2 Bh3 15. Bh1 Nfd7 16. f4 a4 17. Nxa4 Nxa4 18. Bxg7 Kxg7 19.
bxa4 Rxa4 20. Qd4+ Kg8 21. Nc3 Ra3 22. Nb1 Ra4 23. Nc3 Ra3 24. Nb1 Ra4 1/2-1/2

[Event "OLOA 1920 SG G-W Dresden - SK König Pl"]
[Site "?"]
[Date "2020.01.19"]
[Round "7.7"]
[White "Franz, Tobias"]
[Black "Dahl, Christoph"]
[Result "0-1"]
[WhiteElo "1851"]
[BlackElo "2137"]
[PlyCount "80"]
[EventDate "2020.??.??"]
[EventType "team-tourn"]

{[%evp 0,80,25,25,56,56,88,88,88,36,77,36,87,43,86,86,102,102,108,96,88,51,41,
41,27,27,50,36,36,36,4,-22,-22,-18,-21,-32,-46,-62,-46,-42,-38,-47,-51,-65,-65,
-72,-53,-67,-57,-57,-42,-70,-58,-59,-48,-73,-16,-26,-40,-137,-134,-134,-139,
-201,-206,-227,-214,-214,-207,-207,-211,-234,-217,-224,-243,-253,-253,-245,
-244,-336,-336,-335,-351]} 1. e4 c5 2. Nf3 d6 3. d4 cxd4 4. Nxd4 Nf6 5. Nc3 a6
6. Be2 e6 7. Be3 Qc7 8. O-O b5 9. a3 Bb7 10. Bd3 Nbd7 11. f3 Be7 12. Qe1 d5 13.
exd5 Nxd5 14. Nxd5 Bxd5 15. Rc1 O-O 16. Ne2 Ne5 17. Nf4 Bb7 18. Qf2 Nc4 19.
Bxc4 Qxc4 20. Nd3 Rac8 21. Ne5 Qd5 22. Nd3 Rfd8 23. Rfd1 Qf5 24. Nb4 h6 25. c3
e5 26. Bb6 Rxd1+ 27. Rxd1 e4 28. fxe4 Qxe4 29. Re1 Bh4 30. Rxe4 Bxf2+ 31. Kxf2
Bxe4 32. Bd4 a5 33. Na6 a4 34. Nc5 Bd5 35. g3 Re8 36. Nd3 Bc4 37. Ne5 f6 38.
Nxc4 bxc4 39. h3 Rb8 40. Ke3 Rxb2 0-1

[Event "OLOA 1920 SG G-W Dresden - SK König Pl"]
[Site "?"]
[Date "2020.01.19"]
[Round "7.8"]
[White "Kunze, Christopher"]
[Black "Graf, Lucas"]
[Result "1/2-1/2"]
[WhiteElo "2129"]
[BlackElo "1865"]
[PlyCount "75"]
[EventDate "2020.??.??"]
[EventType "team-tourn"]

{[%evp 0,75,25,25,56,56,56,21,65,22,22,16,79,21,21,17,30,26,31,22,43,29,85,83,
145,145,145,149,149,149,141,148,183,88,88,62,74,34,54,30,96,104,98,116,116,116,
170,136,161,17,25,25,45,45,66,66,66,85,88,44,93,118,118,99,135,44,95,68,116,
116,116,-11,17,-79,-79,-105,-64,-77]} 1. e4 c5 2. Nc3 Nc6 3. g3 g6 4. Bg2 Bg7
5. d3 e6 6. f4 Nge7 7. Nf3 d6 8. O-O O-O 9. Be3 Nd4 10. e5 Nec6 11. exd6 Qxd6
12. Ne4 Qc7 13. c3 Nxf3+ 14. Qxf3 c4 15. dxc4 e5 16. Nd2 Be6 17. b3 Rad8 18.
Rad1 h5 19. h3 Rd3 20. Ne4 Rfd8 21. Rxd3 Rxd3 22. Qe2 Qd8 23. Nc5 Rxc3 24. Rd1
Qc8 25. Ne4 Nd4 26. Bxd4 exd4 27. Nxc3 dxc3 28. Kh2 b6 29. Rd6 Qc5 30. Rd8+ Kh7
31. Be4 Bf6 32. Rd3 Kg7 33. Rf3 Bf5 34. Bxf5 Qxf5 35. Rd3 h4 36. Qc2 hxg3+ 37.
Kxg3 Qe4 38. Qd1 1/2-1/2

[Event "OLOA 1920 FVS ASP Hoyerswerda - SK Kön"]
[Site "?"]
[Date "2020.01.19"]
[Round "7.1"]
[White "Mastrovasilis, Dimitrios"]
[Black "Orsag, Milan"]
[Result "1-0"]
[WhiteElo "2601"]
[BlackElo "2297"]
[PlyCount "73"]
[EventDate "2020.??.??"]
[EventType "team-tourn"]

{[%evp 0,73,25,25,56,56,56,26,32,26,44,26,98,45,73,61,79,70,101,79,86,65,42,28,
33,-28,19,21,26,15,32,19,48,41,44,25,-8,-48,39,18,114,18,51,31,50,-6,4,4,15,
-20,39,14,63,-10,135,135,143,143,140,203,203,165,203,161,211,211,228,263,263,
193,216,152,151,131,215,127]} 1. e4 c5 2. Nf3 e6 3. d4 cxd4 4. Nxd4 Nc6 5. Nc3
Qc7 6. g4 h6 7. Be3 a6 8. Qd2 b5 9. Nxc6 dxc6 10. e5 Ne7 11. O-O-O Nd5 12. Nxd5
cxd5 13. f4 Bd7 14. Bd3 Be7 15. Qf2 b4 16. Kb1 Bb5 17. f5 Bxd3 18. Rxd3 Rc8 19.
Rc1 Qc4 20. Rd4 Qb5 21. h4 a5 22. g5 hxg5 23. hxg5 Bc5 24. Rf4 Bxe3 25. Qxe3
Qc5 26. Qe2 Rh3 27. g6 exf5 28. gxf7+ Kxf7 29. Rxf5+ Kg8 30. Qg2 Rh6 31. Rg5
Rc7 32. Rg1 Qe7 33. Qxd5+ Kh8 34. b3 Qc5 35. Qxc5 Rxc5 36. Rxg7 Rh2 37. R7g2
1-0

[Event "OLOA 1920 FVS ASP Hoyerswerda - SK Kön"]
[Site "?"]
[Date "2020.01.19"]
[Round "7.2"]
[White "Spivak, Ilya"]
[Black "Zawadzka, Jolanta"]
[Result "0-1"]
[WhiteElo "2306"]
[BlackElo "2412"]
[PlyCount "104"]
[EventDate "2020.??.??"]
[EventType "team-tourn"]

{[%evp 0,87,25,24,56,56,88,88,88,36,36,33,73,62,55,40,48,17,87,64,69,29,36,27,
27,27,27,21,21,15,12,1,2,1,35,0,24,21,3,-19,-13,-29,-7,-35,-4,-9,17,-8,5,-91,
-56,-56,-44,-44,-42,-65,-65,-65,-51,-45,-37,-37,-37,-47,-47,-47,-67,-84,-59,
-59,-99,-99,-74,-108,-54,-55,-38,-80,-24,-24,33,-102,-36,-132,-251,-295,-295,
-295,-325,-325]} 1. e4 c5 2. Nf3 d6 3. d4 cxd4 4. Nxd4 Nf6 5. Nc3 a6 6. Be3 e5
7. Nb3 Be7 8. f3 h5 9. Qd2 Be6 10. Nd5 Nxd5 11. exd5 Bf5 12. Bd3 Bxd3 13. Qxd3
Nd7 14. O-O O-O 15. a4 Rc8 16. c4 a5 17. Qd2 b6 18. Rfc1 f5 19. Ra3 Bf6 20. Qc2
g6 21. Nd2 Qe7 22. Rb3 Rce8 23. Kh1 e4 24. f4 Rb8 25. Rf1 Bg7 26. Rb5 Nc5 27.
b4 axb4 28. Rxb4 Qc7 29. Rfb1 Rfc8 30. g3 Bf6 31. Kg2 Kg7 32. Rb5 Qa7 33. a5
bxa5 34. Bxc5 dxc5 35. Qa4 Bc3 36. Nf1 Kh6 37. Ne3 Rxb5 38. cxb5 Qg7 39. b6 Bb4
40. Rd1 c4 41. d6 Qc3 42. d7 Rd8 43. Nd5 Qf3+ 44. Kh3 Qg4+ 45. Kg2 Qe2+ 46. Kh3
h4 47. Nxb4 axb4 48. b7 Qg4+ 49. Kg2 h3+ 50. Kf2 Qf3+ 51. Ke1 e3 52. Qc2 Qh1+
0-1

[Event "OLOA 1920 FVS ASP Hoyerswerda - SK Kön"]
[Site "?"]
[Date "2020.01.19"]
[Round "7.3"]
[White "Sandner, Gunter"]
[Black "Jahnel, Guenther"]
[Result "1-0"]
[WhiteElo "2277"]
[BlackElo "2188"]
[PlyCount "103"]
[EventDate "2020.??.??"]
[EventType "team-tourn"]

{[%evp 104,104,-1723]} 1. Nf3 Nf6 2. b3 g6 3. Bb2 Bg7 4. g3 O-O 5. Bg2 d6 6. d4
a5 7. c4 Nc6 8. Nc3 Bd7 9. O-O Qc8 10. Re1 Bh3 11. Bh1 Bg4 12. d5 Nd8 13. Qd2
e5 14. dxe6 Nxe6 15. Nd5 Nxd5 16. Bxg7 Kxg7 17. cxd5 Nc5 18. Nd4 Qd8 19. Qf4
Bd7 20. Bf3 Re8 21. a3 Re5 22. b4 axb4 23. axb4 Rxa1 24. Rxa1 Na6 25. Qd2 h5
26. Qc3 Kh7 27. Bg2 Bg4 28. e3 h4 29. f4 Re8 30. Kf2 Qf6 31. Ra3 Bd7 32. Bf1
Qd8 33. Bxa6 bxa6 34. Rxa6 Qb8 35. Nc6 Qb5 36. Ra5 Qb6 37. Ra2 Bf5 38. Qf6 Rf8
39. Qd4 Qxd4 40. Nxd4 Be4 41. Ra7 Bxd5 42. Rxc7 hxg3+ 43. hxg3 Ra8 44. e4 Bxe4
45. Rxf7+ Kh6 46. g4 Ra3 47. Re7 Bd5 48. b5 Rd3 49. Ne6 Rb3 50. Nc7 Bg8 51. Ne8
Rxb5 52. Nf6 1-0

[Event "OLOA 1920 FVS ASP Hoyerswerda - SK Kön"]
[Site "?"]
[Date "2020.01.19"]
[Round "7.4"]
[White "Kesik, Klaus-Dieter"]
[Black "Kunze, Carlo"]
[Result "1/2-1/2"]
[WhiteElo "2211"]
[BlackElo "2249"]
[PlyCount "83"]
[EventDate "2020.??.??"]
[EventType "team-tourn"]

{[%evp 0,83,25,22,27,27,42,21,40,40,46,39,39,45,45,46,48,20,58,28,69,52,50,28,
78,37,41,41,47,30,63,63,57,57,79,63,78,59,71,59,66,58,58,63,83,83,142,142,120,
120,120,119,122,119,124,117,119,114,116,93,115,-79,-19,-113,-113,-114,-114,
-121,-116,-136,-136,-130,-134,-142,-134,-134,-131,-137,-139,-139,-86,-86,-92,
-92,-85,-85]} 1. d4 Nf6 2. Nf3 d6 3. c4 Nbd7 4. Nc3 e5 5. g3 Be7 6. Bg2 O-O 7.
O-O c6 8. Qc2 Re8 9. h3 Bf8 10. e4 a5 11. Rd1 Qc7 12. Na4 exd4 13. Nxd4 g6 14.
Be3 Nc5 15. Nxc5 dxc5 16. Ne2 Nd7 17. Nc3 f6 18. b3 Ne5 19. f4 Nf7 20. Rd3 b6
21. Rad1 Rb8 22. Qf2 f5 23. e5 Be6 24. Qf3 Rbc8 25. R3d2 Kh8 26. Kh1 Qb8 27.
Qf2 Qc7 28. Bf3 Bh6 29. a4 Qe7 30. Qg2 Nxe5 31. Bf2 Nxf3 32. Qxf3 Bg7 33. Kh2
Bg8 34. Re1 Qf6 35. Rxe8 Rxe8 36. Rd3 Rd8 37. Ne2 Re8 38. Re3 Rxe3 39. Qxe3 Qe6
40. Qxe6 Bxe6 41. Be1 h6 42. h4 1/2-1/2

[Event "OLOA 1920 FVS ASP Hoyerswerda - SK Kön"]
[Site "?"]
[Date "2020.01.19"]
[Round "7.5"]
[White "Schaller, Sven"]
[Black "Boehm, Robert"]
[Result "1/2-1/2"]
[WhiteElo "2259"]
[BlackElo "2154"]
[PlyCount "39"]
[EventDate "2020.??.??"]
[EventType "team-tourn"]

{[%evp 0,39,24,-9,33,30,34,30,30,30,34,31,6,-2,3,-36,-16,-16,-9,-34,-34,-51,
-37,-48,-48,-48,-8,-24,-17,-13,-13,-20,-16,-24,-13,-19,-15,-38,-23,-53,-28,-26]
} 1. c4 c6 2. Nf3 d5 3. cxd5 cxd5 4. d4 Nc6 5. Nc3 Nf6 6. Ne5 e6 7. Qa4 Qb6 8.
e3 Bd6 9. f4 O-O 10. Bb5 Bd7 11. Nxd7 Nxd7 12. O-O f5 13. Rb1 Rac8 14. Bd2 Nf6
15. Be2 a6 16. Kh1 Qa7 17. Qd1 b5 18. Bf3 Qd7 19. Be1 Be7 20. Rc1 1/2-1/2

[Event "OLOA 1920 FVS ASP Hoyerswerda - SK Kön"]
[Site "?"]
[Date "2020.01.19"]
[Round "7.6"]
[White "Grohmann, Alexander"]
[Black "Pfretzschner, Roland"]
[Result "1/2-1/2"]
[WhiteElo "1967"]
[BlackElo "2234"]
[PlyCount "54"]
[EventDate "2020.??.??"]
[EventType "team-tourn"]

{[%evp 0,54,24,24,56,34,59,65,54,48,54,19,19,-8,12,-6,54,42,46,36,37,-5,1,-31,
-29,-31,3,-50,23,23,24,-16,8,-3,14,-57,-36,-36,-40,2,2,1,1,-11,16,-1,48,15,70,
14,70,58,94,71,68,27,82]} 1. e4 c5 2. b3 b6 3. Bb2 Bb7 4. Nc3 e6 5. Qe2 Nc6 6.
O-O-O Nge7 7. Nf3 e5 8. Qe1 a6 9. h4 d6 10. Ng5 h6 11. Nh3 b5 12. f4 Qa5 13.
Kb1 O-O-O 14. Qg3 f6 15. Ng1 Kb8 16. Nf3 Nd4 17. d3 b4 18. Ne2 Nb5 19. Nd2 Nc6
20. Nc4 Qc7 21. c3 a5 22. Ne3 bxc3 23. Nxc3 Nxc3+ 24. Bxc3 Nd4 25. Nc4 Nc6 26.
Ne3 Ba6 27. Rd2 Ka8 1/2-1/2

[Event "OLOA 1920 FVS ASP Hoyerswerda - SK Kön"]
[Site "?"]
[Date "2020.01.19"]
[Round "7.7"]
[White "Hoerr, Matthias"]
[Black "Heyme, Sibylle"]
[Result "1-0"]
[WhiteElo "2152"]
[BlackElo "2043"]
[PlyCount "47"]
[EventDate "2020.??.??"]
[EventType "team-tourn"]

{[%evp 0,47,24,24,24,18,15,23,24,-3,-3,-3,64,61,61,61,63,61,61,57,60,57,71,71,
93,89,105,55,113,113,183,160,196,205,212,210,235,241,241,238,272,278,279,279,
297,296,326,309,326,326]} 1. e4 e5 2. Nf3 Nc6 3. Nc3 Nf6 4. d4 exd4 5. Nxd4 Be7
6. Nxc6 dxc6 7. Qxd8+ Bxd8 8. Bf4 Be6 9. Be2 O-O 10. O-O h6 11. Rad1 Ne8 12. e5
f6 13. Ne4 g5 14. Nc5 Bd5 15. c4 gxf4 16. cxd5 cxd5 17. Rxd5 fxe5 18. Bc4 Kh8
19. Ne6 Be7 20. Nxf8 Bxf8 21. Rxe5 Bg7 22. Re7 Bxb2 23. Rfe1 Nd6 24. Rxc7 1-0

[Event "OLOA 1920 FVS ASP Hoyerswerda - SK Kön"]
[Site "?"]
[Date "2020.01.19"]
[Round "7.8"]
[White "Hassemeier, Mika"]
[Black "Linnert, Niklas"]
[Result "1-0"]
[WhiteElo "2062"]
[BlackElo "2054"]
[PlyCount "61"]
[EventDate "2020.??.??"]
[EventType "team-tourn"]

{[%evp 0,61,24,-9,-9,-2,47,47,39,39,39,45,47,13,78,4,27,6,76,44,44,-22,40,36,
36,27,68,42,84,24,36,36,42,42,67,57,116,77,85,85,85,73,64,67,85,91,211,168,98,
98,335,408,390,390,502,362,501,666,666,224,954,954,2287,29972]} 1. c4 Nf6 2.
Nc3 g6 3. e4 d6 4. d4 Bg7 5. h3 O-O 6. Be3 c6 7. g4 e5 8. d5 Ne8 9. Qd2 f5 10.
f3 c5 11. gxf5 gxf5 12. Bg5 Nf6 13. O-O-O f4 14. h4 h6 15. Bxf6 Bxf6 16. Bh3
Bxh3 17. Nxh3 Nd7 18. Rdg1+ Kf7 19. h5 Rg8 20. Rxg8 Qxg8 21. Rg1 Qh7 22. Nb5
Be7 23. Rg6 Nf6 24. Nxf4 Nxh5 25. Nxd6+ Bxd6 26. Rxd6 Nf6 27. Nd3 Re8 28. Nxe5+
Rxe5 29. Rxf6+ Kg7 30. Qf4 Re7 31. e5 1-0

[Event "OLOA 1920 SV Sangerhausen - SG Leipzig "]
[Site "?"]
[Date "2020.01.19"]
[Round "7.1"]
[White "Schubert, Thomas"]
[Black "Strache, Michael"]
[Result "1/2-1/2"]
[WhiteElo "2318"]
[BlackElo "2300"]
[PlyCount "96"]
[EventDate "2020.??.??"]
[EventType "team-tourn"]

{[%evp 0,96,24,16,75,75,75,32,82,71,79,71,70,48,70,62,100,73,96,62,59,-21,-15,
-42,-47,-46,-19,-50,-7,-7,-7,-27,-5,-4,36,23,4,10,48,53,56,-1,26,-8,51,26,50,
46,46,8,38,22,472,69,61,73,74,54,66,84,143,96,143,97,91,48,105,107,151,77,111,
77,81,71,67,65,44,25,43,4,43,25,82,15,32,49,48,33,52,17,43,23,42,28,48,39,41,
-3,53]} 1. d4 f5 2. Nf3 Nf6 3. c4 g6 4. g3 Bg7 5. Bg2 O-O 6. O-O d6 7. Nc3 Qe8
8. d5 a5 9. Nd4 Na6 10. e4 fxe4 11. Nxe4 Nxe4 12. Bxe4 Bh3 13. Bg2 Bxg2 14.
Kxg2 Nc5 15. Re1 Qf7 16. f4 Rac8 17. Ne6 Nxe6 18. Rxe6 Qf5 19. g4 Qf7 20. Qc2
Bd4 21. Rb1 Qg7 22. b3 Rf7 23. Re4 c5 24. Bd2 b6 25. Rbe1 Bc3 26. Qd3 Bxd2 27.
Qxd2 Ra8 28. a4 Kf8 29. Qe3 Ke8 30. Qh3 Kd7 31. R1e2 Raf8 32. Qh4 Rg8 33. h3
Qf8 34. Rf2 Rgg7 35. Qh6 Rf6 36. g5 Rf5 37. Kg3 Qh8 38. Qh4 Rgf7 39. Qg4 Qa1
40. Kh2 Qb1 41. Re3 Qc1 42. Qe2 Qa1 43. Rf1 Qg7 44. Re4 Qf8 45. Qg4 Kd8 46. h4
Qh8 47. Kg3 Qb2 48. Qf3 Qg7 1/2-1/2

[Event "OLOA 1920 SV Sangerhausen - SG Leipzig "]
[Site "?"]
[Date "2020.01.19"]
[Round "7.3"]
[White "Dietze, Frank"]
[Black "Heyder, Florian"]
[Result "0-1"]
[WhiteElo "2078"]
[BlackElo "2202"]
[PlyCount "60"]
[EventDate "2020.??.??"]
[EventType "team-tourn"]

{[%evp 0,60,24,16,34,-10,-7,-32,-30,-32,-6,-17,11,-18,17,-55,24,19,42,-2,-2,-3,
-3,-3,6,-3,45,-14,-11,-42,-44,-226,-258,-290,-297,-297,-261,-342,-317,-355,
-349,-371,-373,-420,-394,-407,-389,-389,-389,-420,-385,-568,-568,-668,-668,
-668,-668,-670,-609,-641,-641,-668,-668]} 1. d4 e6 2. c4 Nf6 3. g3 d5 4. Nf3
Be7 5. Bg2 O-O 6. O-O dxc4 7. Qc2 b5 8. a4 b4 9. Ne5 Qxd4 10. Bxa8 Qxe5 11. Bf4
Qc5 12. Be3 Qa5 13. Bf3 Nd5 14. Bd2 Ba6 15. Na3 c3 16. Nb1 cxd2 17. Nxd2 c5 18.
Rac1 Nd7 19. Rce1 Ne5 20. Bg2 c4 21. Qe4 Bf6 22. Qc2 b3 23. Qc1 Rc8 24. Ne4 Be7
25. Rd1 c3 26. Nxc3 Nxc3 27. bxc3 Bxe2 28. Rfe1 Nd3 29. Qd2 Nxe1 30. Rxe1 Ba6
0-1

[Event "OLOA 1920 SV Sangerhausen - SG Leipzig "]
[Site "?"]
[Date "2020.01.19"]
[Round "7.4"]
[White "Hillmann, Michael"]
[Black "Schunk, Thomas"]
[Result "0-1"]
[WhiteElo "2144"]
[BlackElo "2120"]
[PlyCount "40"]
[EventDate "2020.??.??"]
[EventType "team-tourn"]

{[%evp 0,40,24,16,75,75,70,32,39,-9,57,19,71,58,110,54,81,33,66,64,91,69,71,17,
17,17,58,58,94,62,62,25,59,-42,-8,-6,-7,-7,-43,-126,-120,-259,-252]} 1. d4 f5
2. Nf3 Nf6 3. c4 e6 4. g3 d5 5. Bg2 c6 6. O-O Bd6 7. Qc2 O-O 8. Nbd2 Qe8 9. Ne5
Nbd7 10. Ndf3 Ne4 11. Nxd7 Bxd7 12. Ne5 Qe7 13. Be3 Be8 14. f3 Nf6 15. Bf4 c5
16. dxc5 Bxc5+ 17. Kh1 Rc8 18. Rac1 Bd6 19. Qb3 g5 20. c5 Bb8 0-1

[Event "OLOA 1920 SV Sangerhausen - SG Leipzig "]
[Site "?"]
[Date "2020.01.19"]
[Round "7.5"]
[White "Schultz, Andreas"]
[Black "Hellwig, Tobias"]
[Result "1/2-1/2"]
[WhiteElo "2186"]
[BlackElo "2223"]
[PlyCount "56"]
[EventDate "2020.??.??"]
[EventType "team-tourn"]

{[%evp 0,56,24,16,32,-23,33,36,42,24,50,50,55,29,44,34,68,59,54,9,69,42,104,
104,97,88,95,93,89,66,69,33,50,49,66,38,48,38,48,39,37,20,24,7,11,-5,-5,4,-18,
-30,-44,-50,-42,-42,-42,-42,-36,-33,-6]} 1. d4 Nf6 2. c4 c6 3. Nf3 d5 4. e3 g6
5. Nc3 Bg7 6. Be2 O-O 7. O-O Qd6 8. h3 Nbd7 9. a4 Re8 10. b3 a6 11. Ba3 Qb8 12.
Rc1 h6 13. cxd5 cxd5 14. Qc2 b6 15. b4 Bb7 16. Qb3 Qd8 17. Rfd1 e6 18. b5 a5
19. Bd6 Bf8 20. Bf4 Rc8 21. Rc2 Qe7 22. Bd3 g5 23. Bh2 Qb4 24. Rb1 Ne4 25. Na2
Qxb3 26. Rxb3 Rxc2 27. Bxc2 Rc8 28. Bd3 Bd6 1/2-1/2